Cartes du jeu du 1000 bornes ou pas ? (mort subite) - Statistiques

Statistiques générales
  • Ce quiz a été pris 192 fois
    173 depuis la dernière actualisation
  • Le résultat moyen est 11 sur 18
Answers on the Grid
Answers color-coded by a green-red scale on the quiz's grid according to % correct below.
100
Fin de limite de vitesse
90
Feu rouge
200
50
Feu vert
Essence
25
Limite de vitesse 80
Feu orange
Accident
Increvable
75
Stop
Réparations
Crevé
Roue de secours
As du volant
Panne d'essence
Véhicule prioritaire
Citerne d'essence
 
Statistiques - réponses
Réponse % Correct
100
92%
50
81%
200
79%
25
73%
Feu rouge
72%
Feu vert
72%
Fin de limite de vitesse
72%
75
62%
Accident
60%
Increvable
58%
Essence
53%
Roue de secours
50%
As du volant
48%
Citerne d'essence
48%
Crevé
45%
Panne d'essence
43%
Véhicule prioritaire
41%
Réparations
34%
Aucun quiz correspondant
Distribution des résultats
% des personnes avec chaque résultat
Percentile par nombre de réponses
Votre historique - résultats
Vous n’avez pas pris ce quiz depuis la dernière actualisation